=LDR 00000nam 2200000 4500 =001 INLIS000000000809589 =008 ###################################ind## =035 ##$$a 0010-0825000082 =245 ##$$a Seri Ide Cemerlang / $c M.Th Kristiati =260 ##$$b Citra Aji Gerakan =020 ##$$a 39799415765 =084 ##$$a 621.3 KRI s =520 ##$$a Terbitan berseri =082 ##$$a 621.3